Teatro indio precolombino / (Record no. 128904)

MARC details
000 -LEADER
campo de control de longitud fija 00633nam a2200205 i 4500
001 - NÚMERO DE CONTROL
campo de control 128904
003 - IDENTIFICADOR DE NÚMERO DE CONTROL
campo de control ES-MaACL
005 - FECHA Y HORA DE LA ÚLTIMA TRANSACCIÓN
campo de control 20230906193405.0
007 - CAMPO FIJO DE DESCRIPCIÓN FÍSICA--INFORMACIÓN GENERAL
campo de control de longitud fija t|
008 - DATOS DE LONGITUD FIJA--INFORMACIÓN GENERAL
campo de control de longitud fija 070530s1964 sp ||||1| spa d
080 ## - NÚMERO DE LA CLASIFICACIÓN DECIMAL UNIVERSAL
Número de la Clasificación Decimal Universal 897/.8-2.09
080 ## - NÚMERO DE LA CLASIFICACIÓN DECIMAL UNIVERSAL
Número de la Clasificación Decimal Universal 897/.82
245 00 - MENCIÓN DEL TÍTULO
Título Teatro indio precolombino /
Mención de responsabilidad, etc. José Cid Pérez, Dolores Martí de Cid.
260 ## - PUBLICACIÓN, DISTRIBUCIÓN, ETC.
Lugar de publicación, distribución, etc. [Madrid] :
Nombre del editor, distribuidor, etc. Aguilar,
Fecha de publicación, distribución, etc. 1964.
300 ## - DESCRIPCIÓN FÍSICA
Extensión 368 p. ;
Dimensiones 20 cm.
505 8# - NOTA DE CONTENIDO CON FORMATO
Nota de contenido con formato Contiene: El güegüenso o macho ratón. El barón de Rabinal Ollantay
700 1# - ENTRADA AGREGADA--NOMBRE PERSONAL
Nombre de persona Cid Pérez, José.
9 (RLIN) 38770
700 1# - ENTRADA AGREGADA--NOMBRE PERSONAL
Nombre de persona Martí de Cid, Dolores.
9 (RLIN) 77212
852 ## - LOCALIZACIÓN
Ubicación ES-MaACL
Número de control de estantería C-26197
Sublocalización o colección R.55321
Holdings
Estatus retirado Estado de pérdida Estado de daño No para préstamo Biblioteca de origen Biblioteca actual Ubicación en estantería Fecha de adquisición Fuente de adquisición Total de préstamos Signatura topográfica completa Código de barras Visto por última vez Precio de reemplazo Tipo de ítem Koha
        Biblioteca del Ateneo de Madrid Biblioteca del Ateneo de Madrid Depósito 2 17/01/2008     C-26197 1134241 23/02/2023 23/02/2023 Libro impreso